LEADER 01221nam a2200277 i 4500 001 000000222208 003 CaOOAMICUS 005 20130904000000.0 008 130904s2010 it u000 u ita u 013 $a201105 020 $a978-88-452-6523-5 040 $aSeMil$bita 100 1 $aElkann, Alain,$d<1950- >.$0(OLS)http://semarc/name/29115 245 12$aL'intervista :$b1989-2009 /$cAlain Elkann. 260 $aMilano :$bTascabili Bompiani,$c2010. 300 $a444p ;$c21 cm. 490 0 $aTascabili Bompiani ;$v1133. 500 $aSul v. del front.: Edizione speciale La Stampa/Bompiani. - Con dedica autografa dell'Autore. - Fondo card. C. M. Martini. 830 0$aTascabili Bompiani ;$v1133.$0(OLS)http://semarc/title/7395 850 $aSeMil 852 $aSeMil$W1$xVenegono$y1$m3M II 228$j235476$B172554$CSeMilBibl$Z2$F185266 $81 941 1 $a4 961 $aLascito Card. Martini Carlo Maria. -- Con dedica autografa dell'autore (Alain Elkann) al Card. Carlo Maria Martini 996 $6020$a978-88-452-6523-5$9(OLS)http://semarc/number/221650 996 $6245$aL'intervista :$b1989-2009$9(OLS)http://semarc/title/318529 996 $6260$aMilano :$bTascabili Bompiani$9(OLS)http://semarc/publisher/32847 LEADER 00926nam a2200229 i 4500 001 000000062543 003 CaOOAMICUS 005 20100518000000.0 008 100518s1983 it u000 u ita u 013 $a33715 040 $aSeMil$bita 100 1 $aSticco, Maria,$d<1891-1981>.$0(OLS)http://semarc/name/16161 245 14$aUna donna fra due secoli :$bArmida Barelli /$cMaria Sticco. 260 $aMilano :$bO.R.,$c1983. 300 $aXIX, 912 p., [16] p. di tav. ;$c20 cm. 500 $aContiene : Bibliografia. 600 14$aBarelli, Armida .$0(OLS)http://semarc/subject/32690 650 4$aBiografie.$0(OLS)http://semarc/subject/2953 850 $aSeMil 852 $aSeMil$W1$xVenegono$y1$m3H II 275$j28696$B28696$CSeMilBibl$Z2$F28699 $81 996 $6245$aUna donna fra due secoli :$bArmida Barelli$9(OLS)http://semarc/title/98475 996 $6260$aMilano :$bO.R.$9(OLS)http://semarc/publisher/29789